Con toda sinceridad: cómo hablar con los adolescentes de amor y sexualidad

Guardado en:
Detalles Bibliográficos
Autor principal: Cassell, Carol (Autor)
Formato: Libro
Lenguaje:español
Publicado: Barcelona Grijalbo 1988
Colección:Colección Ante Ayuda y Superación
Materias:
Etiquetas: Agregar Etiqueta
Sin Etiquetas, Sea el primero en etiquetar este registro!

MARC

LEADER 00000nam a2200000 a 4500
001 UCW5459
003 CL-VaPUC
008 910423e19880000SP |||||||||||||||||spa|d
082 0 4 |a 612.6  |b CAS  |2 21 
100 0 |a Cassell, Carol  |e author  |9 310459 
245 1 0 |a Con toda sinceridad: cómo hablar con los adolescentes de amor y sexualidad 
300 |a 275 p 
942 |c BK 
945 |d 19910423 00:00:00 
260 |a Barcelona  |b Grijalbo  |c 1988 
650 0 |a Educación sexual  |9 308005 
650 0 |a Adolescentes  |9 308058 
650 0 |a Aspectos sexuales   |9 310122 
583 |a last modification  |c 20180514 09:15:42  |k Rodrigo Vera 
490 0 |a Colección Ante Ayuda y Superación 
999 |c 218899  |d 218897 
952 |0 0  |1 0  |4 0  |6 612_600000000000000_CAS_1988  |7 0  |8 P  |9 209212  |a BIBEDU  |b BIBEDU  |c BIBEDU_PB  |d 2019-11-15  |i 276993K  |o 612.6 CAS 1988  |p 276993K  |r 2024-01-25  |w 2019-11-15  |y BK  |k EDU